Statistiken für Kader - FC Schalke 04 2020/2021

Klicken Sie hier um das Quiz zu spielen!

Allgemein

  • Dieses Quiz wurde 316 mal gespielt
  • Das Durchschnittsergebnis liegt bei 15 aus 31

Antwortstatistiken

#PositionAntwort% Korrekt
1TWRalf Fährmann
99%
25ZOMAmine Harit
84%
34TWMichael Langer
79%
43STMatthew Hoppe
75%
26IVSalif Sané
70%
8ZMSuat Serdar
69%
21STKlaas-Jan Huntelaar
63%
7MSMark Uth
58%
33IVMalick Thiaw
57%
23TWFrederik Rönnow
55%
5IVMatija Nastasic
55%
20LVSead Kolasinac
55%
6ZDMOmar Mascarell
54%
17ZDMBenjamin Stambouli
53%
10ZMNabil Bentaleb
53%
31IVTimo Becker
52%
24LVBastian Oczipka
50%
9LMBenito Raman
50%
40ZOMCan Bozdogan
45%
30IVShkodran Mustafi
42%
16ZMNassim Boujellab
39%
28RMAlessandro Schöpf
38%
38RMMehmet Aydin
35%
42LMKerim Calhanoglu
33%
3LVHamza Mendyl
30%
2RVKilian Ludewig
29%
18STGoncalo Paciencia
27%
13RVWilliam
25%
37ZOMLevent Mercan
23%
27STLuca Schuler
10%
22RMSteven Skrzybski
9%

Verteilung der Resultate

Perzentil nach korrekt beantworteten Fragen

Anzahl Personen mit jedem Resultat

Ihre Resultats-Entwicklung

Sie haben dieses Quiz noch nicht gespielt